Представление документа в формате MARC21

Поле Инд. ПП Название Значение
Тип записи a
Библиографический уровень m
001 Контрольный номер 8be95c5f-503f-4e8d-bf64-54d84e1670bc
005 Дата корректировки 20140226200407.4
008 Кодируемые данные 000323 d
020 a ISBN 5-86256-001-7
c Цена, тираж 13.80
040 a Служба первич. каталог. НБ ТвГУ
041 a Код языка текста rus
080 a Индекс УДК 338(430)(091)
084 a Индекс другой классификации/Индекс ББК У9(4ГЕМ)0-18
a Индекс другой классификации/Индекс ББК У03(4ГЕМ)6
090 c Каталожный индекс У9(4ГЕМ)0-18 + У03(4ГЕМ)6
x Авторский знак Э83
a Полочн. индекс У9(4ГЕМ)
100 1_ a Автор Эрхард Людвиг
245 0_ a Заглавие Благосостояние для всех
b Продолж. заглавия [Пер. с нем.
c Ответственность Предисл. Б.Б. Багаряцкого, В.Г. Гребенникова]
250 a Основные сведения об издании Репринтю воспроизведение
260 0_ a Место издания Москва
b Издательство Начала-Пресс
c Дата издания Б.г.(1991)
300 a Объем XVI,332,[3] с.
b Иллюстрации/ тип воспроизводства портр.
500 a Примечание Вых. дан. ориг.: Нью-Йорк : Посев-США, 1990.
583 a Действие Получение впервые 509 02.11.98
k Исполнитель действия Взамен утраченных
650 a Основная рубрика Германия
x Основная подрубрика Экономика
x Основная подрубрика Экономическая политика
x Основная подрубрика Экономическая история
x Основная подрубрика Экономические реформы
653 a Ключевые слова Экономика Германии
a Ключевые слова Экономическая политика Германии
a Ключевые слова Экономическая история Германии
a Ключевые слова Экономические реформы в Германии
a Ключевые слова Германия
700 1_ a Другие авторы Багаряцкий Б.Б.
e Роль лиц предисл.
700 1_ a Другие авторы Гребенников В.Г.
e Роль лиц предисл.
852 t Порядковый номер экземпляра 1
p Инвентарный номер 701265
888 a Бесплатные
952 p 509.98 13.80 1 701265
c Вид литературы К ру
954 a Дата поступления на обработку 19981102
999 a Подразделение 2 Фил1